Proces optimalizácie pracovných miest a jeho špecifiká
Nezávisle od veľkosti a iných charakteristík podniku je optimalizácia pracovných miest proces, ktorý by mal byť bežnou súčasťou chodu podniku. Pod týmto pojmom možno rozumieť prehodnocovanie potreby pracovných miest, to znamená zisťovanie opodstatnenosti každého pracovného miesta. Popis jednotlivýc...
Na minha lista:
| Autor principal: | |
|---|---|
| Formato: | Capítulo de Livro |
| Idioma: | eslovaco |
| Assuntos: | |
| Tags: |
Sem tags, seja o primeiro a adicionar uma tag!
|
MARC
| LEADER | 00000nla$a2200000$$$4500 | ||
|---|---|---|---|
| 001 | 0130011 | ||
| 005 | 20220729110252.5 | ||
| 041 | 0 | |a slo | |
| 044 | |a SK | ||
| 245 | 1 | 0 | |a Proces optimalizácie pracovných miest a jeho špecifiká |c Ivana Šidová |
| 520 | |a Nezávisle od veľkosti a iných charakteristík podniku je optimalizácia pracovných miest proces, ktorý by mal byť bežnou súčasťou chodu podniku. Pod týmto pojmom možno rozumieť prehodnocovanie potreby pracovných miest, to znamená zisťovanie opodstatnenosti každého pracovného miesta. Popis jednotlivých krokov tohto procesu a ich špecifiká. | ||
| 610 | 2 | 0 | |a miesta pracovné |
| 610 | 2 | 0 | |a optimalizácia |
| 610 | 2 | 0 | |a podnik |
| 100 | 1 | |a Šidová, Ivana | |